[Event "Staraya Mayna Sidorov Cup"]
[Site "Staraya Mayna"]
[Date "2018.07.13"]
[Round "7"]
[White "Gabunov, Fail"]
[Black "Vorobiov, Daniil"]
[Result "0-1"]
[WhiteElo "1624"]
[BlackElo "1408"]
[PlyCount "192"]
[EventDate "2018.07.10"]
[EventType "swiss"]
[EventRounds "9"]
[EventCountry "RUS"]
[SourceTitle "EXT 2019"]
[Source "ChessBase"]
[SourceDate "2018.10.10"]
[SourceVersion "1"]
[SourceVersionDate "2018.10.10"]
[SourceQuality "1"]

1. d4 c5 2. d5 e6 3. c4 exd5 4. cxd5 d6 5. e4 Nf6 6. Nc3 Be7 7. Nf3 Bg4 8. Be2 Bxf3 9. Bxf3 Nbd7 10. Be2 a6 11. 0-0 b5 12. Bd3 0-0 13. f4 Re8 14. Re1 Bf8 15. Qf3 b4 16. Ne2 Qc7 17. b3 a5 18. Bb2 a4 19. Bxf6 Nxf6 20. Bb5 Rxe4 21. Bc6 Ra7 22. bxa4 Qe7 23. h3 g6 24. Qf1 Bh6 25. g4 Nd7 26. g5 Bg7 27. Ng3 Bd4+ 28. Kg2 Re3 29. Rad1 Bc3 30. Rxe3 Qxe3 31. Rd3 Qe7 32. Qf3 Bd4 33. Ne2 Nb8 34. Nxd4 cxd4 35. Rxd4 Nxc6 36. dxc6 Rxa4 37. Re4 Rxa2+ 38. Kf1 Qd8 39. Qe3 Ra8 40. Rxb4 Qc8 41. Qc3 Qa6+ 42. Kf2 Rc8 43. Rc4 Qb6+ 44. Kf3 d5 45. Rc5 d4 46. Qxd4 Rxc6 47. Rd5 Qxd4 48. Rxd4 Rc7 49. Rd6 Kg7 50. Ke4 Rc3 51. Rd3 Rc7 52. h4 Rc1 53. Rh3 Re1+ 54. Kf3 Rf1+ 55. Kg3 Ra1 56. Rh2 Ra3+ 57. Kf2 Ra2+ 58. Kg3 Ra3+ 59. Kf2 h5 60. Rh1 Kf8 61. Re1 Rh3 62. Kg2 Rxh4 63. Kg3 Rg4+ 64. Kf3 f5 65. Re6 Kf7 66. Ra6 h4 67. Ra7+ Ke6 68. Ra6+ Kd5 69. Rxg6 Rg3+ 70. Kf2 Ke4 71. Rh6 Rf3+ 72. Kg2 Rxf4 73. g6 Rg4+ 74. Kh3 Kf3 75. g7 Rxg7 76. Rxh4 Rg6 77. Kh2 Rg4 78. Rh8 Kf2 79. Kh3 Rg6 80. Rh5 f4 81. Ra5 Rg3+ 82. Kh2 Re3 83. Ra2+ Re2 84. Ra3 f3 85. Ra1 Re1 86. Ra2+ Kf1 87. Kg3 Re2 88. Ra3 f2 89. Ra1+ Re1 90. Ra2 Re3+ 91. Kf4 Rd3 92. Ke4 Rg3 93. Kf4 Rd3 94. Ke4 Rc3 95. Kd4 Rh3 96. Ra8 Kg2 0-1

[Event "Uljanovsk Sidorov Memorial"]
[Site "Uljanovsk"]
[Date "2015.07.12"]
[Round "9"]
[White "Elkina, Yuliya"]
[Black "Gabunov, Fail"]
[Result "1/2-1/2"]
[WhiteElo "1628"]
[BlackElo "1728"]
[PlyCount "67"]
[EventDate "2015.07.07"]
[EventType "swiss"]
[EventRounds "9"]
[EventCountry "RUS"]
[SourceTitle "EXT 2016"]
[Source "ChessBase"]
[SourceDate "2015.10.08"]
[SourceVersion "1"]
[SourceVersionDate "2015.10.08"]
[SourceQuality "1"]

1. f4 f5 2. e3 g6 3. Nf3 Bg7 4. Nc3 Nf6 5. b3 0-0 6. Bb2 d5 7. Be2 c6 8. 0-0 Ne4 9. Na4 Bxb2 10. Nxb2 Nd7 11. Nd3 Ndf6 12. Nde5 c5 13. c3 a6 14. Qc2 b5 15. d3 Nd6 16. c4 Qb6 17. Rac1 Nb7 18. d4 Rd8 19. cxb5 cxd4 20. Nxd4 axb5 21. Bxb5 Bd7 22. Bxd7 Nxd7 23. Nxd7 Rxd7 24. a4 Na5 25. Qc5 Qxc5 26. Rxc5 Rb7 27. Rc3 Rab8 28. Nb5 Kf7 29. Kf2 Kf6 30. Ke2 Rb6 31. Rd1 e6 32. Kd3 e5 33. g3 Nc6 34. Kc2 1/2-1/2

[Event "Uljanovsk Sidorov Memorial"]
[Site "Uljanovsk"]
[Date "2015.07.11"]
[Round "7"]
[White "Breskanu, Nikita"]
[Black "Gabunov, Fail"]
[Result "1-0"]
[WhiteElo "1639"]
[BlackElo "1728"]
[PlyCount "49"]
[EventDate "2015.07.07"]
[EventType "swiss"]
[EventRounds "9"]
[EventCountry "RUS"]
[SourceTitle "EXT 2016"]
[Source "ChessBase"]
[SourceDate "2015.10.08"]
[SourceVersion "1"]
[SourceVersionDate "2015.10.08"]
[SourceQuality "1"]

1. c4 Nf6 2. Nc3 e6 3. g3 d5 4. cxd5 exd5 5. d4 Be7 6. Bg2 0-0 7. Nf3 h6 8. 0-0 Be6 9. Bf4 Qc8 10. Rc1 c6 11. Re1 Re8 12. Nb5 cxb5 13. Rxc8 Rxc8 14. Bxb8 Raxb8 15. Qd3 Rc6 16. Ne5 Ra6 17. Qxb5 Rxa2 18. Nc6 Re8 19. Qxb7 Bd6 20. e3 Bc8 21. Qb3 Ra6 22. Bxd5 Nxd5 23. Qxd5 Bf8 24. Ne5 Be6 25. Qb5 1-0

[Event "Uljanovsk-ch U26 op"]
[Site "Uljanovsk"]
[Date "2013.04.06"]
[Round "7"]
[White "Zubov, Anton"]
[Black "Gabunov, Fail"]
[Result "1-0"]
[WhiteElo "1537"]
[BlackElo "1818"]
[PlyCount "125"]
[EventDate "2013.03.23"]
[EventType "swiss"]
[EventRounds "9"]
[EventCountry "RUS"]
[SourceTitle "EXT 2014"]
[Source "ChessBase"]
[SourceDate "2013.11.20"]
[SourceVersion "1"]
[SourceVersionDate "2013.11.20"]
[SourceQuality "1"]

1. e4 c6 2. d4 d5 3. Nc3 dxe4 4. Nxe4 Bf5 5. Nc3 Nf6 6. Nf3 h6 7. Bd3 Bxd3 8. Qxd3 Qc7 9. Be3 e6 10. 0-0-0 Nbd7 11. a3 0-0-0 12. Qc4 Nb6 13. Qb3 Bd6 14. g3 Rhe8 15. Na4 Nxa4 16. Qxa4 b6 17. c4 Ng4 18. c5 Nxe3 19. cxd6 Rxd6 20. fxe3 f6 21. e4 Red8 22. e5 Rd5 23. Kb1 Kb7 24. Rhe1 f5 25. Qc2 g5 26. h3 g4 27. hxg4 fxg4 28. Nd2 Rxd4 29. Nc4 Rxd1+ 30. Rxd1 Rd5 31. Nd6+ Ka8 32. Rxd5 exd5 33. Qg6 a5 34. Qe8+ Ka7 35. Qf7 Kb8 36. Qe8+ Ka7 37. Qf7 Kb8 38. Qxc7+ Kxc7 39. Nf5 h5 40. Kc2 c5 41. Ng7 h4 42. gxh4 g3 43. Ne6+ Kd7 44. Nf4 g2 45. Nxg2 Ke6 46. h5 Kxe5 47. h6 Kf6 48. h7 Kg7 49. h8Q+ Kxh8 50. Nf4 d4 51. Kd3 Kg7 52. Kc4 Kf7 53. Nd5 d3 54. Kxd3 b5 55. Nc7 b4 56. Kc4 Ke7 57. Kxc5 Kd7 58. Nd5 bxa3 59. bxa3 Kc8 60. Kb5 Kd7 61. Kxa5 Kc6 62. Nb4+ Kb7 63. Kb5 1-0

[Event "Ulstudents-ch op"]
[Site "Russia"]
[Date "2012.03.25"]
[Round "3"]
[White "Gabunov, Fail"]
[Black "Kalashnikov, Nikolay"]
[Result "1-0"]
[WhiteElo "1850"]
[BlackElo "1551"]
[PlyCount "62"]
[EventDate "2012.03.24"]
[EventType "swiss"]
[EventRounds "9"]
[EventCountry "RUS"]
[SourceTitle "EXT 2014"]
[Source "ChessBase"]
[SourceDate "2013.11.20"]
[SourceVersion "1"]
[SourceVersionDate "2013.11.20"]
[SourceQuality "1"]

1. d4 d5 2. c4 e6 3. e3 Nf6 4. Nc3 Be7 5. Nf3 0-0 6. Bd3 dxc4 7. Bxc4 c5 8. 0-0 cxd4 9. Nxd4 Bd7 10. Nf3 Nc6 11. a3 Rc8 12. Ba2 a6 13. e4 Qc7 14. Re1 Ne5 15. Nxe5 Qxe5 16. f4 Bc5+ 17. Kh1 Qd4 18. Be3 Qxd1 19. Raxd1 Bxe3 20. Rxe3 Bc6 21. e5 Ng4 22. Re2 Kh8 23. h3 Nh6 24. Bb1 Rfd8 25. Rdd2 Rxd2 26. Rxd2 Ng8 27. Be4 g6 28. Bxc6 bxc6 29. Rd7 a5 30. Ra7 Rb8 31. Na4 Rb5 1-0

[Event "Uljanovsk Povolje op"]
[Site "Uljanovsk"]
[Date "2011.08.27"]
[Round "5"]
[White "Gabunov, Fail"]
[Black "Semikov, Alexey"]
[Result "1-0"]
[WhiteElo "1872"]
[BlackElo "1918"]
[PlyCount "55"]
[EventDate "2011.08.25"]
[EventType "swiss"]
[EventRounds "9"]
[EventCountry "RUS"]
[SourceTitle "CBM 144 Extra"]
[Source "ChessBase"]
[SourceDate "2011.10.28"]
[SourceVersion "1"]
[SourceVersionDate "2011.10.28"]
[SourceQuality "1"]

1. d4 Nf6 2. c4 d6 3. Nc3 e5 4. d5 Be7 5. e4 Na6 6. Nf3 Nc5 7. Qc2 a5 8. Be2 0-0 9. 0-0 Bg4 10. Be3 Nfd7 11. Nd2 Bxe2 12. Nxe2 Bg5 13. f4 exf4 14. Bxf4 Bf6 15. Ng3 g6 16. Rae1 Re8 17. Nf3 a4 18. b4 axb3 19. axb3 Ra3 20. Nd2 Qa8 21. Rb1 Ra2 22. Qd1 Nd3 23. Be3 Bc3 24. Nf3 N3c5 25. Ng5 Re7 26. Qf3 Qf8 27. Bxc5 Nxc5 28. Qxc3 1-0

[Event "Uljanovsk Privolje op"]
[Site "Uljanovsk"]
[Date "2011.02.05"]
[Round "7"]
[White "Gabunov, Fail"]
[Black "Kuznetsova, Olga1111"]
[Result "1/2-1/2"]
[WhiteElo "1878"]
[BlackElo "2168"]
[PlyCount "102"]
[EventDate "2011.02.01"]
[EventType "swiss"]
[EventRounds "9"]
[EventCountry "RUS"]
[SourceTitle "CBM 140 Extra"]
[Source "ChessBase"]
[SourceDate "2011.03.01"]
[SourceVersion "1"]
[SourceVersionDate "2011.03.01"]
[SourceQuality "1"]

1. d4 Nf6 2. c4 g6 3. Nc3 Bg7 4. e4 d6 5. f4 c5 6. d5 0-0 7. Nf3 a6 8. a4 b6 9. Be2 Ra7 10. 0-0 Rb7 11. h3 Ne8 12. Bd3 e6 13. e5 Re7 14. Re1 Bb7 15. Bc2 Rd7 16. Be4 Nc7 17. Qb3 exd5 18. cxd5 dxe5 19. fxe5 c4 20. Qxc4 Nxd5 21. Rd1 Nxc3 22. Rxd7 Qxd7 23. bxc3 Rc8 24. Qe2 Bxe4 25. Qxe4 Rxc3 26. Bb2 Rc8 27. Re1 Qc6 28. Qe3 b5 29. axb5 axb5 30. Nd4 Qb6 31. Qe4 Nc6 32. Rc1 Ne7 33. Rxc8+ Nxc8 34. Qc6 Qxc6 35. Nxc6 Kf8 36. Kf2 Nb6 37. Kf3 Ke8 38. Ke4 Kd7 39. Nd4 Nc4 40. Bc3 Bxe5 41. Nxb5 Bxc3 42. Nxc3 Ke6 43. Kf4 h6 44. h4 Nd6 45. g4 f6 46. Ne2 Nb5 47. Ke4 f5+ 48. gxf5+ gxf5+ 49. Kf4 Kf6 50. Ng3 Nd4 51. Nh5+ Kg6 1/2-1/2

[Event "Uljanovsk Povolje op"]
[Site "Uljanovsk"]
[Date "2010.11.23"]
[Round "7"]
[White "Dobrocmyslov, Artem"]
[Black "Gabunov, Fail"]
[Result "0-1"]
[WhiteElo "1753"]
[BlackElo "1889"]
[PlyCount "118"]
[EventDate "2010.11.19"]
[EventType "swiss"]
[EventRounds "9"]
[EventCountry "RUS"]
[SourceTitle "CBM 139 Extra"]
[Source "ChessBase"]
[SourceDate "2011.01.05"]
[SourceVersion "1"]
[SourceVersionDate "2011.01.05"]
[SourceQuality "1"]

1. d4 Nf6 2. Nc3 d5 3. Bg5 e6 4. e4 dxe4 5. Nxe4 Be7 6. Bxf6 Bxf6 7. Nf3 0-0 8. c3 Nd7 9. Bd3 b6 10. Qe2 Bb7 11. 0-0 Re8 12. Rfe1 Qe7 13. Nxf6+ Nxf6 14. Ba6 Bxa6 15. Qxa6 c5 16. Rad1 Rec8 17. d5 Rd8 18. dxe6 Rxd1 19. exf7+ Qxf7 20. Rxd1 Re8 21. Re1 Rd8 22. h3 h6 23. Ne5 Qc7 24. Qc4+ Kh7 25. Qf7 Qxf7 26. Nxf7 Rd2 27. Rb1 Nd7 28. f4 Nf6 29. Ne5 Nd5 30. Nc4 Re2 31. g3 b5 32. Nd6 a6 33. c4 bxc4 34. Nxc4 Nb4 35. a3 Nd3 36. b4 cxb4 37. axb4 Re4 38. Nd2 Rxb4 39. Rxb4 Nxb4 40. Nb3 Nc6 41. Nc5 a5 42. Na4 Kg6 43. Kf2 Kf5 44. Ke3 h5 45. Kf2 Nd4 46. Ke3 Ne6 47. Kf2 Kf6 48. g4 h4 49. Kf3 g5 50. fxg5+ Nxg5+ 51. Ke3 Nxh3 52. Ke4 Ng5+ 53. Kf4 Ne6+ 54. Kf3 Kg5 55. Nc3 Nc5 56. Nb5 a4 57. Na3 Nd3 58. Nc4 Ne5+ 59. Nxe5 a3 0-1